000 00508nam a2200169 i 4500
001 72358
003 ES-MaACL
005 20230906171421.0
007 t|
008 040831s1961 ag ||||1| spa d
100 1 _aGiovanni, José.
_957174
245 1 3 _aLa evasión /
_cJosé Giovanni ; traducción de A. Crespo.
260 _aBuenos Aires :
_bPlaza & Janés,
_c[1961] (
_eBarcelona :
_fLinomonograph)
300 _a215 p. ;
_c18 cm.
700 1 _aCrespo, A.
_941509
852 _aES-MaACL
_jC-19810
_bR.47529
999 _c72358
_d72358